[Event "Teplice Open 2019"]
[Site "Teplice"]
[Date "2019.06.17"]
[Round "3.37"]
[White "Hollan, Martin"]
[Black "Brejnik, Gustav"]
[Result "1-0"]
[WhiteElo "2423"]
[BlackElo "2114"]
[Annotator "NA"]
[PlyCount "77"]
[EventDate "2019.06.15"]
[EventType "swiss"]
[EventCountry "CZE"]
[SourceTitle "playchess.com"]
[Source "ChessBase"]
[SourceQuality "1"]
[TimeControl "40/5400+30:1800+30"]

1. c4 {[%emt 0:00:00]} e5 {[%emt 0:00:00]} 2. Nf3 {[%emt 0:00:00]} e4 {[%emt 0:00:08]} 3. Nd4 {[%emt 0:00:00]} c6 {[%emt 0:00:56]} 4. d3 {[%emt 0:01:26]} exd3 {[%emt 0:08:49]} 5. e3 {[%emt 0:04:10]} d5 {[%emt 0:04:54]} 6. cxd5 {[%emt 0:00:14]} Qxd5 {[%emt 0:00:55]} 7. Nc3 {[%emt 0:00:31]} Bb4 {[%emt 0:00:50]} 8. Bd2 {[%emt 0:00:45]} Qe5 {[%emt 0:05:47]} 9. Bxd3 {[%emt 0:02:56]} Nf6 {[%emt 0:01:08]} 10. Qc2 {[%emt 0:01:11]} Nbd7 {[%emt 0:08:18]} 11. a3 {[%emt 0:02:29]} Be7 {[%emt 0:09:05]} 12. f4 {[%emt 0:01:22]} Qc7 {[%emt 0:07:31]} 13. Nf5 {[%emt 0:09:07]} Nc5 {[%emt 0:03:15]} 14. Bc4 {[%emt 0:13:44]} Bxf5 {[%emt 0:05:22]} 15. Qxf5 {[%emt 0:01:03]} b5 {[%emt 0:00:10]} 16. Be2 {[%emt 0:27:02]} Nb3 {[%emt 0:05:52]} 17. Rd1 {[%emt 0:00:52]} O-O {[%emt 0:04:58]} 18. Bf3 {[%emt 0:05:07]} Rad8 {[%emt 0:01:07]} 19. Qc2 {[%emt 0:02:08]} Nxd2 {[%emt 0:01:10]} 20. Rxd2 {[%emt 0:00:05]} Bc5 {[%emt 0:00:55]} 21. Re2 {[%emt 0:03:10]} Rfe8 {[%emt 0:04:12]} 22. Ne4 {[%emt 0:23:12]} Nxe4 {[%emt 0:19:10]} 23. Bxe4 {[%emt 0:00:00]} g6 {[%emt 0:07:09]} 24. Qxc5 {[%emt 0:00:00]} Rxe4 {[%emt 0:00:00]} 25. O-O {[%emt 0:00:00]} Rd5 {[%emt 0:04:17]} 26. Qc3 {[%emt 0:00:57]} Qd7 {[%emt 0:05:16]} 27. Qc1 {[%emt 0:03:20]} c5 {[%emt 0:00:00]} 28. b3 {[%emt 0:00:00]} Qd6 {[%emt 0:00:00]} 29. Rc2 {[%emt 0:00:00]} Rd3 {[%emt 0:00:00]} 30. Rxc5 {[%emt 0:00:00]} Rexe3 {[%emt 0:00:00]} 31. f5 {[%emt 0:00:00]} Rd2 {[%emt 0:00:00]} 32. f6 {[%emt 0:00:44]} h5 {[%emt 0:00:00]} 33. Rxb5 {[%emt 0:00:21]} Ree2 {[%emt 0:00:00]} 34. Rg5 {[%emt 0:00:29]} Qd4+ {[%emt 0:00:00]} 35. Kh1 {[%emt 0:00:08]} Qe4 {[%emt 0:00:00]} 36. Qc8+ {[%emt 0:00:14]} Qe8 {[%emt 0:00:00]} 37. Rxg6+ {[%emt 0:00:13]} Kh7 {[%emt 0:01:03]} 38. Rg7+ {[%emt 0:00:31]} Kh8 {[%emt 0:00:00]} 39. Qf5 {[%emt 0:00:00]} 1-0

[Event "Teplice Open 2019"]
[Site "Teplice"]
[Date "2019.06.18"]
[Round "4.1"]
[White "Gumularz, Szymon"]
[Black "Berkes, Ferenc"]
[Result "1/2-1/2"]
[WhiteElo "2495"]
[BlackElo "2675"]
[Annotator "TA"]
[PlyCount "62"]
[EventDate "2019.06.15"]
[EventType "swiss"]
[EventCountry "CZE"]
[SourceTitle "playchess.com"]
[Source "ChessBase"]
[SourceQuality "1"]

{[%evp 11,62,16,18,0,0,1,18,18,21,21,12,17,20,30,21,22,20,0,0,0,0,0,0,0,28,33,24,23,33,26,31,33,21,12,28,21,33,15,43,12,12,0,0,0,-2,0,0,-6,0,0,0,0,0]} 1. e4 c6 2. d4 d5 3. e5 Bf5 4. Nf3 e6 5. Be2 Ne7 6. O-O c5 7. Na3 {[%cal Bb1a3,Ba3b5,Bb5c3][%mdl 32] B12: Caro-Kann: Advance Variation} (7. c4 Nbc6 8. dxc5 dxc4 9. Bxc4 Ng6 10. Be3 Be7 11. Nc3 O-O 12. Be2 Qb8 13. Nd2 Rd8 14. f4 Nb4 15. Rc1 b6 {1-0 (42) Harikrishna,P (2729)-Mamedyarov,S (2817) Kolkata 2018}) 7... Nec6 8. c4 Be4 9. Nb5 Be7 10. cxd5 $146 ({Predecessor:} 10. dxc5 O-O 11. Be3 Nd7 12. Nd6 b6 13. Nd2 Nxc5 14. N6xe4 dxe4 {½-½ (36) Dominguez Perez,L (2713)-Nisipeanu,L (2674) Dortmund 2016}) 10... Bxd5 11. dxc5 {And now Nd6+ would win.} O-O 12. Nc3 Bxf3 13. Bxf3 Nd7 {[%cal Bb8d7,Bd7c5,Bc5d3][%mdl 32]} 14. Bf4 Nxc5 15. Bxc6 bxc6 16. Qf3 Qd3 17. Be3 Qf5 18. Qxf5 exf5 19. Ne2 Nd3 20. Nd4 Nxe5 21. Nxf5 Bf6 22. Rac1 Rfd8 23. b3 a5 24. Rfd1 Rxd1+ 25. Rxd1 a4 {The position is equal.} 26. f4 Ng4 27. Bc5 axb3 28. axb3 g6 29. Ne3 Nxe3 30. Bxe3 Rb8 31. Rd3 Rd8 {Accuracy: White = 66%, Black = 61%.} 1/2-1/2

[Event "Teplice Open 2019"]
[Site "Teplice"]
[Date "2019.06.18"]
[Round "4.2"]
[White "Movsesian, Sergei"]
[Black "Greenfeld, Alon"]
[Result "1-0"]
[WhiteElo "2639"]
[BlackElo "2513"]
[Annotator "TA"]
[PlyCount "87"]
[EventDate "2019.06.15"]
[EventType "swiss"]
[EventCountry "CZE"]
[SourceTitle "playchess.com"]
[Source "ChessBase"]
[SourceQuality "1"]

{[%evp 16,87,6,0,19,17,15,15,12,10,10,0,18,0,19,0,0,0,12,20,18,22,18,23,26,6,29,18,76,63,66,45,70,72,80,58,118,115,111,108,185,185,185,185,185,185,185,176,187,186,206,200,308,303,301,213,210,167,217,208,260,239,241,241,230,210,209,124,133,121,197,187,338,337]} 1. e4 e5 2. Nf3 Nc6 3. Bb5 a6 4. Ba4 Nf6 5. O-O Be7 6. d3 b5 7. Bb3 d6 8. a3 O-O 9. Nc3 Na5 {C77: Ruy Lopez: 3...a6 4 Ba4 Nf6, unusual lines} 10. Ba2 Be6 11. d4 (11. b4 Bxa2 12. Rxa2 Nc6 13. Bg5 Ng4 14. Bd2 Nf6 15. Re1 Qd7 16. Nd5 Nxd5 17. exd5 {½-½ (37) Anand,V (2774)-Svidler,P (2735) Karlsruhe/Baden Baden 2019}) 11... Bxa2 {The position is equal.} 12. Rxa2 Re8 13. d5 h6 14. Qd3 {[#]} Qd7 $146 ({Predecessor:} 14... c6 15. dxc6 Qc8 16. Rd1 Qxc6 17. h3 {0-1 (42) Bellahcene,B (2557)-Fressinet,L (2655) Le Port Marly 2019}) 15. b4 Nc4 16. a4 c5 17. bxc5 dxc5 18. Ne2 Bf8 19. Ng3 g6 20. h3 Bg7 21. Be3 Rac8 (21... Qc7 $11) 22. axb5 axb5 23. Rfa1 Rc7 24. Ra6 Nd6 25. Nd2 Rd8 (25... Rb8 $14) 26. c4 $16 bxc4 27. Nxc4 Qb5 (27... Nxc4 $16 28. Qxc4 Ne8) 28. Rxd6 $18 Rxd6 29. Ra5 ({Stronger than} 29. Nxe5 c4 $15) 29... Qd7 30. Bxc5 Re6 31. Nb6 Rxb6 32. Bxb6 Rc1+ 33. Kh2 Ne8 (33... Bf8 $142 34. Ra7 Qd6) 34. Ra7 Qd6 35. Qb5 Rc8 36. Be3 Rb8 37. Qa4 Nf6 38. Qc4 Bf8 39. Ra6 Qd8 40. Qc6 Ne8 41. Bb6 (41. Nf1 $18) 41... Qc8 $16 42. Ba5 Bc5 (42... Qxc6 $16 {was worth a try.} 43. Rxc6 (43. dxc6 Rc8 $16) 43... Rb1) 43. Bc3 $18 f6 $2 {[#]} (43... Bd6 44. Nf1 Qd8) 44. Bxe5 $1 {[%mdl 512] Accuracy: White = 73%, Black = 37%.} 1-0

[Event "Teplice Open 2019"]
[Site "Teplice"]
[Date "2019.06.18"]
[Round "4.3"]
[White "Epishin, Vladimir"]
[Black "Warmerdam, Max"]
[Result "1/2-1/2"]
[WhiteElo "2564"]
[BlackElo "2475"]
[Annotator "ChessBase"]
[PlyCount "67"]
[EventDate "2019.06.15"]
[EventType "swiss"]
[EventCountry "CZE"]
[SourceTitle "playchess.com"]
[Source "ChessBase"]
[SourceQuality "1"]
[TimeControl "40/5400+30:1800+30"]

1. c4 {[%emt 0:00:00]} c5 {[%emt 0:00:29]} 2. g3 {[%emt 0:00:00]} g6 {[%emt 0:00:22]} 3. Bg2 {[%emt 0:00:26]} Bg7 {[%emt 0:00:06]} 4. e3 {[%emt 0:00:54]} e6 {[%emt 0:02:06]} 5. Ne2 {[%emt 0:00:42]} Ne7 {[%emt 0:00:34]} 6. d4 {[%emt 0:01:17]} cxd4 {[%emt 0:01:27]} 7. Nxd4 {[%emt 0:00:16]} d5 {[%emt 0:02:28]} 8. cxd5 {[%emt 0:03:05]} Nxd5 {[%emt 0:00:39]} 9. O-O {[%emt 0:00:09]} O-O {[%emt 0:00:12]} 10. Na3 {[%emt 0:00:57]} Nc6 {[%emt 0:15:26]} 11. Nxc6 {[%emt 0:04:35]} bxc6 {[%emt 0:00:03]} 12. Qa4 {[%emt 0:00:02]} Nb6 {[%emt 0:11:01]} 13. Qc2 {[%emt 0:02:05]} Ba6 {[%emt 0:00:32]} 14. Rd1 {[%emt 0:00:28]} Qf6 {[%emt 0:00:57]} 15. Bf1 {[%emt 0:11:06]} Bxf1 {[%emt 0:10:54]} 16. Rxf1 {[%emt 0:00:02]} Rfd8 {[%emt 0:15:51]} 17. e4 {[%emt 0:05:52]} Qd4 {[%emt 0:07:23]} 18. Rb1 {[%emt 0:03:29]} Qd3 {[%emt 0:13:13]} 19. Qxd3 {[%emt 0:14:20]} Rxd3 {[%emt 0:00:03]} 20. b3 {[%emt 0:00:15]} a5 {[%emt 0:07:07]} 21. Be3 {[%emt 0:10:41]} Bd4 {[%emt 0:04:51]} 22. Nc2 {[%emt 0:03:04]} Bxe3 {[%emt 0:00:20]} 23. Nxe3 {[%emt 0:00:02]} Rd4 {[%emt 0:04:07]} 24. Rfc1 {[%emt 0:05:25]} Rc8 {[%emt 0:00:29]} 25. Rc5 {[%emt 0:03:52]} a4 {[%emt 0:00:02]} 26. Rbc1 {[%emt 0:05:56]} axb3 {[%emt 0:00:24]} 27. axb3 {[%emt 0:00:01]} Rxe4 {[%emt 0:00:14]} 28. Rxc6 {[%emt 0:00:04]} Rxc6 {[%emt 0:00:07]} 29. Rxc6 {[%emt 0:00:08]} Rb4 {[%emt 0:00:14]} 30. Rc3 {[%emt 0:00:07]} Nd5 {[%emt 0:00:31]} 31. Nxd5 {[%emt 0:00:19]} exd5 {[%emt 0:00:01]} 32. Kf1 {[%emt 0:00:21]} d4 {[%emt 0:00:34]} 33. Rc4 {[%emt 0:06:39]} Rxb3 {[%emt 0:00:05]} 34. Rxd4 {[%emt 0:00:03]} 1/2-1/2

[Event "Teplice Open 2019"]
[Site "Teplice"]
[Date "2019.06.18"]
[Round "4.4"]
[White "Vorobiov, Evgeny E."]
[Black "Song, Raymond"]
[Result "1-0"]
[WhiteElo "2556"]
[BlackElo "2450"]
[Annotator "ChessBase"]
[PlyCount "73"]
[EventDate "2019.06.15"]
[EventType "swiss"]
[EventCountry "CZE"]
[SourceTitle "playchess.com"]
[Source "ChessBase"]
[SourceQuality "1"]
[TimeControl "40/5400+30:1800+30"]

1. d4 {[%emt 0:00:00]} Nf6 {[%emt 0:00:00]} 2. c4 {[%emt 0:00:00]} e6 {[%emt 0:00:00]} 3. Nf3 {[%emt 0:00:00]} d5 {[%emt 0:00:00]} 4. g3 {[%emt 0:00:00]} Be7 {[%emt 0:00:50]} 5. Bg2 {[%emt 0:00:00]} O-O {[%emt 0:00:03]} 6. Nc3 {[%emt 0:01:02]} dxc4 {[%emt 0:01:02]} 7. Ne5 {[%emt 0:00:13]} Nc6 {[%emt 0:00:29]} 8. Bxc6 {[%emt 0:01:08]} bxc6 {[%emt 0:00:04]} 9. Nxc6 {[%emt 0:00:06]} Qe8 {[%emt 0:00:11]} 10. Nxe7+ {[%emt 0:00:28]} Qxe7 {[%emt 0:00:02]} 11. Qa4 {[%emt 0:00:13]} c5 {[%emt 0:02:40]} 12. dxc5 {[%emt 0:01:02]} Qxc5 {[%emt 0:00:24]} 13. Be3 {[%emt 0:00:06]} Qc7 {[%emt 0:02:04]} 14. Rd1 {[%emt 0:00:14]} Bb7 {[%emt 0:12:41]} 15. O-O {[%emt 0:07:42]} Nd5 {[%emt 0:04:46]} 16. Bd4 {[%emt 0:00:43]} Rfd8 {[%emt 0:00:48]} 17. Nxd5 {[%emt 0:05:47]} Rxd5 {[%emt 0:03:08]} 18. Bc3 {[%emt 0:00:52]} h5 {[%emt 0:07:59]} 19. Rxd5 {[%emt 0:04:59]} Bxd5 {[%emt 0:00:06]} 20. Rd1 {[%emt 0:04:00]} h4 {[%emt 0:11:50]} 21. gxh4 {[%emt 0:24:35]} f5 {[%emt 0:09:44]} 22. f3 {[%emt 0:05:49]} Rf8 {[%emt 0:01:43]} 23. Qa5 {[%emt 0:04:36]} Qf7 {[%emt 0:05:48]} 24. Qc5 {[%emt 0:01:50]} f4 {[%emt 0:06:44]} 25. Kf2 {[%emt 0:14:57]} Qh5 {[%emt 0:12:46]} 26. Qe7 {[%emt 0:00:34]} Rf7 {[%emt 0:00:05]} 27. Qd8+ {[%emt 0:03:45]} Rf8 {[%emt 0:00:20]} 28. Qg5 {[%emt 0:07:50]} Qxg5 {[%emt 0:00:06]} 29. hxg5 {[%emt 0:00:04]} Kh7 {[%emt 0:00:12]} 30. h4 {[%emt 0:04:03]} Rf5 {[%emt 0:02:34]} 31. Kg2 {[%emt 0:02:40]} Rf7 {[%emt 0:05:40]} 32. Kh3 {[%emt 0:01:57]} Rd7 {[%emt 0:00:14]} 33. h5 {[%emt 0:01:43]} a6 {[%emt 0:01:50]} 34. g6+ {[%emt 0:01:19]} Kg8 {[%emt 0:02:23]} 35. Kh4 {[%emt 0:00:06]} Rd8 {[%emt 0:00:19]} 36. Be5 {[%emt 0:00:50]} Rf8 {[%emt 0:00:37]} 37. Kg4 {[%emt 0:00:44]} 1-0

[Event "Teplice Open 2019"]
[Site "Teplice"]
[Date "2019.06.18"]
[Round "4.5"]
[White "Babula, Vlastimil"]
[Black "Krishna Teja, N."]
[Result "1-0"]
[WhiteElo "2550"]
[BlackElo "2357"]
[Annotator "ChessBase"]
[PlyCount "69"]
[EventDate "2019.06.15"]
[EventType "swiss"]
[EventCountry "CZE"]
[SourceTitle "playchess.com"]
[Source "ChessBase"]
[SourceQuality "1"]
[TimeControl "40/5400+30:1800+30"]

1. d4 {[%emt 0:00:00]} d5 {[%emt 0:09:11]} 2. c4 {[%emt 0:00:00]} c6 {[%emt 0:00:05]} 3. Nf3 {[%emt 0:00:12]} Nf6 {[%emt 0:00:03]} 4. Nc3 {[%emt 0:00:32]} a6 {[%emt 0:00:03]} 5. e3 {[%emt 0:01:12]} Bf5 {[%emt 0:02:02]} 6. Bd2 {[%emt 0:00:57]} e6 {[%emt 0:00:07]} 7. Qb3 {[%emt 0:00:43]} Ra7 {[%emt 0:02:42]} 8. Nh4 {[%emt 0:01:20]} Be4 {[%emt 0:02:36]} 9. cxd5 {[%emt 0:01:02]} Bxd5 {[%emt 0:05:11]} 10. Qc2 {[%emt 0:01:11]} c5 {[%emt 0:04:53]} 11. Nxd5 {[%emt 0:21:02]} Nxd5 {[%emt 0:00:45]} 12. Nf3 {[%emt 0:00:30]} cxd4 {[%emt 0:01:15]} 13. Nxd4 {[%emt 0:00:41]} Nd7 {[%emt 0:13:57]} 14. a3 {[%emt 0:05:10]} b5 {[%emt 0:04:54]} 15. a4 {[%emt 0:03:13]} Rc7 {[%emt 0:01:30]} 16. Qd1 {[%emt 0:06:02]} e5 {[%emt 0:19:32]} 17. Nf3 {[%emt 0:04:42]} Nb4 {[%emt 0:00:41]} 18. Bc3 {[%emt 0:05:19]} e4 {[%emt 0:00:22]} 19. Nd4 {[%emt 0:11:28]} Ne5 {[%emt 0:02:45]} 20. axb5 {[%emt 0:00:30]} Ned3+ {[%emt 0:00:56]} 21. Bxd3 {[%emt 0:00:25]} Nxd3+ {[%emt 0:00:06]} 22. Kf1 {[%emt 0:01:51]} Qh4 {[%emt 0:04:13]} 23. Qe2 {[%emt 0:01:28]} axb5 {[%emt 0:01:17]} 24. f3 {[%emt 0:12:27]} b4 {[%emt 0:05:37]} 25. Be1 {[%emt 0:01:24]} Qf6 {[%emt 0:02:25]} 26. Kg1 {[%emt 0:11:37]} Bc5 {[%emt 0:07:59]} 27. fxe4 {[%emt 0:00:33]} Bxd4 {[%emt 0:03:13]} 28. Qxd3 {[%emt 0:01:25]} Ba7 {[%emt 0:01:11]} 29. Qb5+ {[%emt 0:01:58]} Rc6 {[%emt 0:01:01]} 30. Rxa7 {[%emt 0:00:58]} O-O {[%emt 0:00:03]} 31. h3 {[%emt 0:02:10]} Qd6 {[%emt 0:02:13]} 32. Qd5 {[%emt 0:00:53]} Qh6 {[%emt 0:00:50]} 33. Kh2 {[%emt 0:00:35]} Rc2 {[%emt 0:00:14]} 34. Rf1 {[%emt 0:01:07]} Qg6 {[%emt 0:00:02]} 35. Rf2 {[%emt 0:00:45]} 1-0

[Event "Teplice Open 2019"]
[Site "Teplice"]
[Date "2019.06.18"]
[Round "4.6"]
[White "Mazur, Stefan"]
[Black "Plat, Vojtech"]
[Result "1/2-1/2"]
[WhiteElo "2426"]
[BlackElo "2547"]
[Annotator "ChessBase"]
[PlyCount "103"]
[EventDate "2019.06.15"]
[EventType "swiss"]
[EventCountry "CZE"]
[SourceTitle "playchess.com"]
[Source "ChessBase"]
[SourceQuality "1"]
[TimeControl "40/5400+30:1800+30"]

1. e4 {[%emt 0:00:00]} c5 {[%emt 0:00:00]} 2. Nf3 {[%emt 0:00:00]} Nc6 {[%emt 0:00:00]} 3. d4 {[%emt 0:00:11]} cxd4 {[%emt 0:00:00]} 4. Nxd4 {[%emt 0:00:05]} Qb6 {[%emt 0:00:04]} 5. Nb3 {[%emt 0:00:28]} Nf6 {[%emt 0:00:06]} 6. Nc3 {[%emt 0:01:56]} e6 {[%emt 0:00:12]} 7. Qe2 {[%emt 0:00:16]} Bb4 {[%emt 0:00:06]} 8. Bd2 {[%emt 0:00:21]} O-O {[%emt 0:00:08]} 9. a3 {[%emt 0:00:16]} Bxc3 {[%emt 0:00:04]} 10. Bxc3 {[%emt 0:00:06]} e5 {[%emt 0:00:04]} 11. O-O-O {[%emt 0:01:26]} a5 {[%emt 0:00:02]} 12. g4 {[%emt 0:00:57]} a4 {[%emt 0:01:56]} 13. Nd2 {[%emt 0:00:12]} d5 {[%emt 0:07:40]} 14. exd5 {[%emt 0:00:17]} Nxd5 {[%emt 0:07:10]} 15. Nc4 {[%emt 0:00:12]} Nxc3 {[%emt 0:01:23]} 16. Nxb6 {[%emt 0:00:11]} Nxe2+ {[%emt 0:00:02]} 17. Bxe2 {[%emt 0:00:11]} Ra5 {[%emt 0:00:06]} 18. c3 {[%emt 0:07:31]} Be6 {[%emt 0:04:32]} 19. Rhe1 {[%emt 0:01:49]} e4 {[%emt 0:00:45]} 20. h3 {[%emt 0:08:49]} Ne5 {[%emt 0:10:51]} 21. Rd4 {[%emt 0:09:22]} f5 {[%emt 0:00:09]} 22. Bc4 {[%emt 0:07:41]} Nxc4 {[%emt 0:07:00]} 23. Nxc4 {[%emt 0:00:08]} Bxc4 {[%emt 0:03:51]} 24. Rxc4 {[%emt 0:00:07]} fxg4 {[%emt 0:00:35]} 25. hxg4 {[%emt 0:00:43]} h5 {[%emt 0:00:16]} 26. gxh5 {[%emt 0:23:14]} Rxf2 {[%emt 0:00:05]} 27. Rcxe4 {[%emt 0:00:39]} Rb5 {[%emt 0:06:15]} 28. Rb4 {[%emt 0:05:09]} Rxb4 {[%emt 0:00:03]} 29. axb4 {[%emt 0:00:09]} Rf5 {[%emt 0:00:04]} 30. Rh1 {[%emt 0:06:02]} Kh7 {[%emt 0:00:08]} 31. Kc2 {[%emt 0:14:16]} Kh6 {[%emt 0:00:44]} 32. c4 {[%emt 0:00:12]} Rf2+ {[%emt 0:03:44]} 33. Kc3 {[%emt 0:00:22]} Rf3+ {[%emt 0:00:04]} 34. Kd4 {[%emt 0:01:01]} Rb3 {[%emt 0:00:04]} 35. Kc5 {[%emt 0:01:03]} Rxb2 {[%emt 0:00:02]} 36. b5 {[%emt 0:02:58]} a3 {[%emt 0:01:08]} 37. Kb6 {[%emt 0:00:45]} a2 {[%emt 0:11:45]} 38. Ra1 {[%emt 0:00:21]} Kxh5 {[%emt 0:00:05]} 39. Kxb7 {[%emt 0:01:38]} Rc2 {[%emt 0:02:09]} 40. b6 {[%emt 0:01:50]} g5 {[%emt 0:00:31]} 41. Ka6 {[%emt 0:36:34]} Rxc4 {[%emt 0:30:02]} 42. Rxa2 {[%emt 0:00:14]} Rb4 {[%emt 0:01:52]} 43. b7 {[%emt 0:00:00]} Kh4 {[%emt 0:00:00]} 44. Rh2+ {[%emt 0:00:00]} Kg3 {[%emt 0:00:00]} 45. Rh6 {[%emt 0:00:00]} Rxb7 {[%emt 0:00:00]} 46. Kxb7 {[%emt 0:00:00]} g4 {[%emt 0:00:00]} 47. Kc6 {[%emt 0:00:00]} Kf3 {[%emt 0:00:00]} 48. Rf6+ {[%emt 0:00:00]} Ke3 {[%emt 0:00:00]} 49. Rg6 {[%emt 0:00:00]} Kf3 {[%emt 0:00:00]} 50. Kd5 {[%emt 0:00:00]} g3 {[%emt 0:00:00]} 51. Rxg3+ {[%emt 0:00:00]} Kxg3 {[%emt 0:00:04]} 52. Ke4 {[%emt 0:00:06]} 1/2-1/2

[Event "Teplice Open 2019"]
[Site "Teplice"]
[Date "2019.06.18"]
[Round "4.7"]
[White "Demchenko, Anton"]
[Black "Abdumalik, Zhansaya"]
[Result "1-0"]
[WhiteElo "2671"]
[BlackElo "2464"]
[Annotator "TA"]
[PlyCount "115"]
[EventDate "2019.06.15"]
[EventType "swiss"]
[EventCountry "CZE"]
[SourceTitle "playchess.com"]
[Source "ChessBase"]
[SourceQuality "1"]

{[%evp 12,115,0,1,5,8,22,16,34,11,33,26,50,67,82,73,75,80,73,79,84,84,77,86,88,88,77,83,91,86,84,83,102,82,113,68,71,40,80,69,78,43,47,0,0,0,45,22,14,0,7,0,41,0,0,0,0,0,0,0,72,81,70,70,93,93,99,101,98,97,625,98,1002,711,887,992,920,25,24,8,1002,998,4950,2420,2103,929,5097,2639,29970,29973,29968,29974,29974,29975,29974,29976,29976,29977,29977,29978,29978,29979,29983,29981,29980,29979]} 1. d4 Nf6 2. Nf3 g6 3. Bf4 d5 4. e3 Bg7 5. Be2 O-O 6. h3 c5 7. c3 b6 {D02: 1 d4 d5 2 Nf3 sidelines, including 2...Nf6 3 g3 and 2...Nf6 3 Bf4} 8. Nbd2 Nc6 9. Qb3 (9. O-O Bb7 10. Ne5 Nd7 11. Nxc6 Bxc6 12. a4 Re8 13. Re1 Qc8 14. Nf3 Qb7 15. b4 cxb4 16. cxb4 b5 17. a5 a6 18. Rc1 {0-1 (46) Zhou,J (2615)-Yu,Y (2759) Tianjin 2018}) 9... Re8 $146 {The position is equal.} ({Predecessor:} 9... c4 10. Qa3 b5 11. b3 Ne4 12. bxc4 Nxd2 13. Nxd2 bxc4 14. Qc5 Qd7 {0-1 (50) Mladenovic,S (2324)-Roganovic,M (2502) Ruma 2017}) 10. O-O c4 11. Qd1 b5 12. a4 $36 {[%mdl 2048] White has the initiative.} bxa4 13. Qxa4 Bd7 {Threatening ...Nxd4!} 14. Qa6 Qb6 15. Ra2 Rec8 16. Rfa1 {[#] Threatens to win with Qxb6.} Qd8 17. Ne5 Nxe5 18. Bxe5 Bc6 19. Qa5 Qb6 20. Bf3 Qb7 21. Qb4 {aiming for Qxb7.} Qd7 22. Ra5 Ne8 23. Bxg7 (23. e4 {is more complex.} e6 24. exd5 Bxd5 25. Bxd5 exd5 26. Nf3) 23... Kxg7 24. e4 e6 25. exd5 Bxd5 26. Bxd5 exd5 27. Rb5 Nf6 28. Nf3 Qf5 29. Rb7 Ne4 30. Qe7 Rcb8 31. Qc7 Re8 32. Qd7 Re6 33. Rbxa7 Rxa7 34. Qxa7 Qf4 35. Qb7 Nd2 (35... Rd6 $11) 36. Qxd5 $16 Re2 37. Rd1 {And now Rxd2 would win.} Nxf3+ 38. Qxf3 ({Not} 38. gxf3 Qh4 $17) 38... Qxf3 39. gxf3 Rxb2 $14 {[%mdl 4096] Endgame KR-KR} 40. d5 Kf6 $2 {[%mdl 8192] [#]} (40... Kf8 $16) 41. Rd4 $2 (41. d6 $18 {is the precise move to win.}) 41... Ke5 $2 {[%mdl 8192]} (41... Ke7 $16) 42. d6 $18 Rb8 43. d7 Rd8 44. Kf1 $2 (44. f4+ $18 Ke6 45. Kg2) 44... Ke6 $11 45. Ke2 h6 $2 {[%mdl 8192]} (45... Rxd7 $11 46. Rxc4 Ra7) 46. Ke3 $18 Ke5 47. f4+ Ke6 48. Ke4 f5+ 49. Ke3 g5 50. fxg5 {White mates.} hxg5 51. f4 g4 52. hxg4 fxg4 53. Kf2 Kf6 54. Kg3 Ke7 55. Rd1 Kf6 56. Kxg4 Kg6 57. Rd6+ Kf7 58. Kf3 {Accuracy: White = 56%, Black = 41%.} 1-0

[Event "Teplice Open 2019"]
[Site "Teplice"]
[Date "2019.06.18"]
[Round "4.8"]
[White "Gavrilescu, David"]
[Black "Nisipeanu, Liviu-Dieter"]
[Result "*"]
[WhiteElo "2475"]
[BlackElo "2667"]
[Annotator "TA"]
[PlyCount "31"]
[EventDate "2019.06.15"]
[EventType "swiss"]
[EventCountry "CZE"]
[SourceTitle "playchess.com"]
[Source "ChessBase"]
[SourceQuality "1"]

{[%evp 9,31,7,6,0,8,8,6,6,13,12,37,33,36,5,22,18,15,0,0,0,0,-14,19,-15]} 1. e4 c6 2. d4 d5 3. exd5 cxd5 4. Nf3 Nc6 5. Ne5 (5. Bb5 e6 6. O-O Bd6 7. c4 Nge7 8. Nc3 O-O 9. c5 Bc7 10. a3 e5 11. Bxc6 Nxc6 12. dxe5 d4 13. Nb5 {½-½ (60) Karjakin,S (2753)-Mamedyarov,S (2817) St Petersburg 2018}) 5... e6 6. Bb5 {B13: Caro-Kann: Exchange Variation and Panov-Botvinnik Attack} Bd7 7. Nxd7 Qxd7 8. c3 Bd6 9. Nd2 Nge7 10. O-O O-O 11. Nf3 f6 $146 {The position is equal.} ({Predecessor:} 11... Qc7 12. g3 Rad8 {1-0 (54) Alekseev,E (2639)-Van Foreest,J (2614) St Petersburg 2018}) 12. Re1 Rae8 13. Qc2 Kh8 14. Bd2 a6 15. Bf1 g5 16. Bd3 {Accuracy: White = 59%, Black = 69%.} *

[Event "Teplice Open 2019"]
[Site "Teplice"]
[Date "2019.06.18"]
[Round "4.9"]
[White "Tari, Aryan"]
[Black "Erenberg, Ariel"]
[Result "*"]
[WhiteElo "2623"]
[BlackElo "2434"]
[Annotator "TA"]
[PlyCount "41"]
[EventDate "2019.06.15"]
[EventType "swiss"]
[EventCountry "CZE"]
[SourceTitle "playchess.com"]
[Source "ChessBase"]
[SourceQuality "1"]

{[%evp 12,41,26,26,41,52,67,56,110,89,86,55,43,18,33,22,10,10,17,10,20,0,46,27,20,25,22,19,71,60,66,41]} 1. c4 e5 2. Nc3 Nf6 3. Nf3 Nc6 4. e4 d6 5. d4 Bg4 6. d5 Nd4 7. Be3 Bxf3 {A28: English Opening: Four Knights Variation} 8. gxf3 c5 9. dxc6 $1 Nxc6 ({Better is} 9... bxc6 $14 10. Bxd4 exd4 11. Qxd4 Qb6) (9... bxc6 10. Bxd4 exd4 11. Qxd4 Be7 12. f4 O-O 13. Be2 Qc7 14. Rg1 Rfd8 15. Rd1 {0-1 (43) Bacrot,E (2730)-Karpov,A (2619) Cap d'Agde 2013}) 10. Rg1 $146 ({Predecessor:} 10. Qb3 b6 11. Qa4 Qd7 12. Bh3 Qb7 13. Nd5 {1-0 (31) Fedukin,A (1847)-Strekalov,B Saratov 2013}) 10... g6 11. Qa4 Bg7 12. O-O-O {next c5 is good for White.} O-O 13. c5 Nd4 $1 14. cxd6 {And now f4 would win.} Nh5 15. Qa3 Nxf3 16. Rh1 Nf4 17. Nd5 Nxd5 18. Rxd5 Nd4 19. Kb1 Qf6 (19... Qh4 $11 20. Bd3 Rfd8) 20. Bd3 Rfd8 21. d7 {Accuracy: White = 43%, Black = 42%.} *